| 000 | 01215nam0a22002891 4500 | ||
|---|---|---|---|
| 001 | rc\605565 | ||
| 005 | 20031121163638.8 | ||
| 035 | _a(NLR Aleph) 005849687 | ||
| 090 |
_a5765538 _c5765538 |
||
| 100 | _a20031121d1986 u |0rusy50 ca | ||
| 101 | 0 | _arus | |
| 102 | _aRU | ||
| 105 | _aa ||||||||| | ||
| 200 | 1 |
_aИзмерение распределенного сопротивления базы бескорпусных биполярных транзисторов _fЛ.Л. Курчанинов, В.В. Тихонов, Р.С. Шувалов |
|
| 210 |
_aСерпухов _cИФВЭ _d1986 |
||
| 215 |
_a[1], 4 с. _cил. _d20 |
||
| 225 | 1 |
_aПрепринт _fГос. ком. по использ. атом. энергии СССР, Ин-т физики высоких энергий _vИФВЭ ОНФ-ОЭА 86-102 |
|
| 300 | _aРез. на англ. яз. | ||
| 320 | _aБиблиогр.: с. 3-4 | ||
| 700 | 1 |
_aКурчанинов _bЛ. Л. _gЛеонид Леонидович |
|
| 701 | 1 |
_aТихонов _bВ. В. |
|
| 701 | 1 |
_aШувалов _bР. С. _gРудольф Сергеевич |
|
| 801 | 0 |
_aRU _bNLR _gpsbo |
|
| 801 | 1 |
_aRU _bELAR _2rusmarc |
|
| 852 |
_aNLR _j87-6/3737 |
||
| 942 | _cBOOK | ||
| 980 | _aNB | ||